Top 16 Most Powerful Passports in 2026 - Statistics

General Stats
  • This quiz has been taken 52 times
  • The average score is 14 of 16
Answers on the Map
Answers color-coded by a green-red scale on the quiz's map according to % correct below.
 
Answer Stats
Answer % Correct
France
96%
Germany
96%
Spain
96%
Denmark
91%
Finland
91%
Italy
91%
Netherlands
91%
Portugal
91%
Sweden
91%
Switzerland
91%
Belgium
89%
Singapore
87%
Greece
80%
United Arab Emirates
78%
Luxembourg
76%
Malaysia
29%
No matching quizzes found
Score Distribution
Percent of People with Each Score
Percentile by Number Answered
Your Score History
You have not taken this quiz